| 000 | 00505nam a2200157 a 4500 | ||
|---|---|---|---|
| 005 | 20140412111333.0 | ||
| 008 | 050419s19uu xx 00 eng d | ||
| 020 | _a0-943452-10-4 | ||
| 050 |
_aTR(GS 649.5 _bW743 1989 |
||
| 100 | _aWilmes, Liz | ||
| 245 |
_aYearful of circle times : _bplay & learn together / _cby Liz & Dick Wilmes ; Art Nel Webster. |
||
| 260 |
_aIllinois : _bA Building Blocks Publications, _c1989. |
||
| 300 | _a225 p. ; ill. | ||
| 650 | _aActivities and recreation | ||
| 999 |
_c104989 _d104989 |
||